Stolice obu Ameryk i Karaibów - Statystyki

Ogólne statystyki
  • Ten quiz został rozwiązany 146 razy
  • Średni wynik to 27 z 35
Statystyki odpowiedzi
Państwo Stolica % Poprawnych
Argentyna Buenos Aires
93%
Kanada Ottawa
93%
Chile Santiago
93%
USA Waszyngton
93%
Meksyk Meksyk
92%
Kuba Hawana
90%
Brazylia Brasilia
88%
Urugwaj Montevideo
86%
Panama Panama
86%
Salwador San Salvador
86%
Kolumbia Bogota
85%
Gwatemala Gwatemala
85%
Peru Lima
85%
Boliwia Sucre/La paz
85%
Wenezuela Caracas
83%
Jamajka Kingston
83%
Ekwador Quito
83%
Haiti Port-au-Prince
80%
Dominikana Santo Domingo
80%
Bahamy Nassau
76%
Kostaryka San José
76%
Paragwaj Asunción
75%
Gujana Georgetown
75%
Trynidad i Tobago Port-of-Spain
73%
Barbados Bridgetown
71%
Nikaragua Managua
71%
Surinam Paramaribo
71%
Honduras Tegucigalpa
71%
Antigua i Barbuda Saint John's
69%
Belize Belmopan
68%
Saint Vincent i Grenadyny Kingstown
68%
Grenada Saint George's
61%
Saint Lucia Castries
56%
Dominika Roseau
56%
Saint Kitts i Nevis Basseterre
53%
Nie znaleziono quizów pasujących do podanych kryteriów
Rozkład punktacji
Procent ludzi z każdym wynikiem
Percentyl według liczby udzielonych odpowiedzi
Twoja historia wyników
Nie rozwiązałeś tego quizu